000 00387nam a22001697a 4500
005 20180227163039.0
008 160618b xxu||||| |||| 00| 0 eng d
020 _a81-7446-184-1
041 _aeng
082 _b8210
_a331
100 _aArora, Monal
_92256
245 _aIndustrial relations
260 _bExcel book
_c2008
300 _a312
650 _aManagement
_9241
942 _cBK
999 _c3159
_d3158